| 000 | 00708nam a2200157Ia 4500 | ||
|---|---|---|---|
| 008 | 0000001990 pr a 0000000000spa00 | ||
| 090 | _aPPR00 P13 | ||
| 245 | 1 | 3 |
_aEl paisaje puertorriqueño _b: 4 generaciones _c/ fotografías Víctor Vázquez |
| 300 |
_a[24] p. _c/ 28 cm. |
||
| 500 | _aExposición realizada en la Galeria Latino Americana, San Juan (Puerto Rico), Junio 14 Septiembre 20, 1990 \ Con el patronazgo del maestro venezolano Jesús Rafael Soto (q.e.p.d.) | ||
| 650 | 1 | 4 | _aPINTORES PUERTORRIQUEÑOS |
| 650 | 1 | 4 | _aPINTURA DE PAISAJES PUERTORRIQUEÑA |
| 650 | 1 | 4 | _aPINTURA PUERTORRIQUEÑA |
| 700 | 1 | _aVázquez, Víctor | |
| 999 |
_c4670 _d4670 |
||
| 260 |
_aSan Juan : Galería Latino Americana _c1990 |
||